[Event "SK Gescher 1 - SK Metelen 1"]
[Site "Verbandsliga 2018/2019"]
[Date "2019.02.16"]
[Round "7.1"]
[White "Koch, Alexander"]
[Black "Scho, Christian"]
[Result "1/2-1/2"]
[WhiteElo "2000"]
[BlackElo "2047"]
[PlyCount "60"]
[EventDate "2019.??.??"]
[SourceDate "2018.09.09"]

1. e4 c5 2. Nc3 e6 3. f4 Nc6 4. Nf3 d5 5. Bb5 Nge7 6. O-O a6 7. Bxc6+ Nxc6 8.
d3 Be7 9. Ne5 O-O 10. Qg4 f5 11. exf5 exf5 12. Qf3 Nxe5 13. fxe5 Be6 14. Ne2 g5
15. d4 c4 16. c3 b5 17. h4 g4 18. Qe3 Qe8 19. Qh6 Qg6 20. h5 Qxh6 21. Bxh6 Rfb8
22. Ng3 Rb6 23. Bd2 Rf8 24. a3 a5 25. Kh2 Kg7 26. Ne2 h6 27. Kg3 Bg5 28. Nf4
Bxf4+ 29. Rxf4 a4 30. Raf1 Rb7 1/2-1/2

[Event "SK Gescher 1 - SK Metelen 1"]
[Site "Verbandsliga 2018/2019"]
[Date "2019.02.16"]
[Round "7.2"]
[White "Eissing, Christoph"]
[Black "Poelstra, Ben"]
[Result "1-0"]
[WhiteElo "2005"]
[BlackElo "2025"]
[PlyCount "91"]
[EventDate "2019.??.??"]
[SourceDate "2018.09.09"]

1. e4 e5 2. d4 exd4 3. Qxd4 Nc6 4. Qe3 d6 5. Nc3 Nf6 6. b3 Be7 7. Bb2 Be6 8.
O-O-O O-O 9. f3 Ng4 10. Qd2 f5 11. Kb1 Bg5 12. f4 Be7 13. exf5 Bxf5 14. h3 Nf6
15. g4 Bg6 16. Nf3 Kh8 17. Ng5 Bf7 18. Nxf7+ Rxf7 19. Bc4 Rf8 20. Ne2 d5 21.
Bxd5 Qxd5 22. Qxd5 Nxd5 23. Rxd5 Bd6 24. Ng3 Rxf4 25. Nf5 Ne7 26. Rxd6 cxd6 27.
Nxe7 Rf7 28. Nf5 Rd8 29. Re1 Kg8 30. Nxd6 Rxd6 31. Re8+ Rf8 32. Rxf8+ Kxf8 33.
Ba3 Ke7 34. Kc1 Ke6 35. Bxd6 Kxd6 36. Kd2 Ke5 37. Ke3 g5 38. c4 a5 39. a3 b6
40. b4 a4 41. Kd3 Kf4 42. c5 bxc5 43. bxc5 Ke5 44. Kc4 Ke6 45. Kb5 Kd5 46. c6
1-0

[Event "SK Gescher 1 - SK Metelen 1"]
[Site "Verbandsliga 2018/2019"]
[Date "2019.02.16"]
[Round "7.3"]
[White "Grotenhuis, Gerard"]
[Black "Lanfer, Stefan"]
[Result "1/2-1/2"]
[WhiteElo "1904"]
[BlackElo "1819"]
[PlyCount "101"]
[EventDate "2019.??.??"]
[SourceDate "2018.09.09"]

1. b3 e5 2. Bb2 Nc6 3. e3 d6 4. Bb5 Bd7 5. Nf3 a6 6. Bxc6 Bxc6 7. d4 exd4 8.
Qxd4 f6 9. Nbd2 Nh6 10. h3 Qd7 11. O-O-O Nf5 12. Qd3 O-O-O 13. e4 Nh6 14. g4
Nf7 15. Qe3 Kb8 16. Nd4 Re8 17. c4 Ng5 18. Nxc6+ Qxc6 19. f4 Nf7 20. Rhe1 Be7
21. Nf3 Rhg8 22. Rd5 Ka8 23. Nd4 Qb6 24. Qd2 c6 25. Ra5 d5 26. Ra4 dxe4 27.
Rxe4 Bc5 28. Rxe8+ Rxe8 29. b4 Bxd4 30. Bxd4 Qd8 31. c5 Qd5 32. Ra3 Qc4+ 33.
Bc3 Qf1+ 34. Qd1 Qxf4+ 35. Bd2 Qc4+ 36. Qc2 Qf1+ 37. Qd1 Qxd1+ 38. Kxd1 Rd8 39.
Ke2 Ne5 40. Rg3 Re8 41. Re3 Re7 42. h4 Ng6 43. h5 Rxe3+ 44. Kxe3 Ne5 45. Kf4 g6
46. Bc3 Nd7 47. h6 Kb8 48. g5 fxg5+ 49. Kxg5 Kc7 50. Bd4 Kd8 51. Kf4 1/2-1/2

[Event "SK Gescher 1 - SK Metelen 1"]
[Site "Verbandsliga 2018/2019"]
[Date "2019.02.16"]
[Round "7.4"]
[White "Lanfer, Stefanie"]
[Black "Zachej, Arne"]
[Result "1/2-1/2"]
[WhiteElo "1858"]
[BlackElo "1834"]
[PlyCount "81"]
[EventDate "2019.??.??"]
[SourceDate "2018.09.09"]

1. e4 c5 2. Nf3 d6 3. Bb5+ Nc6 4. O-O Bd7 5. c3 Nf6 6. Qe2 e6 7. d4 Be7 8. dxc5
dxc5 9. e5 Nd5 10. Rd1 Qc7 11. c4 Nb6 12. Nc3 a6 13. Bxc6 Bxc6 14. Ne4 O-O 15.
Bf4 Rad8 16. b3 Rxd1+ 17. Rxd1 Rd8 18. Nd6 Nc8 19. Ng5 Bxg5 20. Bxg5 Rd7 21.
Bf4 b6 22. Rd3 Nxd6 23. exd6 Qb7 24. Rg3 Be4 25. f3 Bf5 26. Qe5 Bg6 27. h4 h5
28. Bc1 Qc8 29. Bg5 Kh7 30. Be7 Ra7 31. Qg5 Qe8 32. Qe5 Qc8 33. Rh3 f6 34. Qc3
e5 35. Qd2 Qe6 36. f4 Rd7 37. Qe3 e4 38. Qe1 Qg4 39. Qe3 Bf5 40. Kh2 Qd1 41.
Rg3 1/2-1/2

[Event "SK Gescher 1 - SK Metelen 1"]
[Site "Verbandsliga 2018/2019"]
[Date "2019.02.16"]
[Round "7.5"]
[White "Wigger, Frank"]
[Black "Iking, Bernhard"]
[Result "1-0"]
[WhiteElo "1812"]
[BlackElo "1760"]
[PlyCount "127"]
[EventDate "2019.??.??"]
[SourceDate "2018.09.09"]

1. e4 e6 2. d4 d5 3. Nd2 Nf6 4. e5 Nfd7 5. Bd3 c5 6. c3 Nc6 7. Ngf3 cxd4 8.
cxd4 Qb6 9. O-O Nxd4 10. Nxd4 Qxd4 11. Nf3 Qb6 12. Qa4 Be7 13. Qg4 g6 14. Bh6
Qxb2 15. Rfb1 Qc3 16. Bb5 a6 17. Bd2 Qc7 18. Rc1 Qd8 19. Ba4 b5 20. Bc2 h5 21.
Qg3 Rg8 22. Nd4 h4 23. Qf4 g5 24. Qe3 Bb7 25. Bd1 Qb6 26. Bh5 Rg7 27. Bc3 Rc8
28. Rd1 g4 29. Rac1 Bg5 30. Qe1 Bxc1 31. Ba5 Qxd4 32. Rxd4 Bb2 33. Rd1 Bxe5 34.
Rc1 Rc4 35. Rxc4 dxc4 36. Qd2 Bd5 37. Qh6 c3 38. Bb4 Rg8 39. Qh7 Rg7 40. Qh8+
Nf8 41. Qxf8+ Kd7 42. Qe7+ Kc6 43. Qc5+ Kb7 44. Bxc3 f6 45. Bxe5 fxe5 46. a3 g3
47. hxg3 hxg3 48. f3 Rc7 49. Qe3 Rc2 50. Qe1 Ra2 51. Qxg3 Rxa3 52. Qxe5 b4 53.
Qd4 a5 54. Bg6 b3 55. Bb1 Kc6 56. Kf2 Kb5 57. g4 Ra4 58. Qc3 Rb4 59. g5 Rf4 60.
g6 a4 61. g7 e5 62. Qxe5 Rxf3+ 63. Ke2 Kc4 64. Qxd5+ 1-0

[Event "SK Gescher 1 - SK Metelen 1"]
[Site "Verbandsliga 2018/2019"]
[Date "2019.02.16"]
[Round "7.6"]
[White "Priebs, Ludger"]
[Black "Denkler, Juergen"]
[Result "1/2-1/2"]
[WhiteElo "1717"]
[BlackElo "1685"]
[PlyCount "59"]
[EventDate "2019.??.??"]
[SourceDate "2018.09.09"]

1. Nf3 Nf6 2. c4 g6 3. Nc3 Bg7 4. d4 O-O 5. e4 d6 6. Bg5 c6 7. Be2 Qc7 8. Qd2
e5 9. d5 Na6 10. Bh6 Nc5 11. Bxg7 Kxg7 12. Bd3 a5 13. Bc2 cxd5 14. cxd5 Bd7 15.
O-O b5 16. Rfe1 b4 17. Nd1 Qb6 18. b3 Rfc8 19. Nb2 Bb5 20. Rac1 Rc7 21. h3 Rac8
22. Qe3 Ncd7 23. Qd2 Qc5 24. Bd3 Qb6 25. Rxc7 Rxc7 26. Bxb5 Qxb5 27. Nc4 Qa6
28. Qe3 Nc5 29. Nfd2 Ne8 30. Rf1 1/2-1/2

[Event "SK Gescher 1 - SK Metelen 1"]
[Site "Verbandsliga 2018/2019"]
[Date "2019.02.16"]
[Round "7.7"]
[White "Gravenkoetter, Christian"]
[Black "Robers, Frank"]
[Result "1/2-1/2"]
[WhiteElo "1719"]
[BlackElo "1637"]
[PlyCount "84"]
[EventDate "2019.??.??"]
[SourceDate "2018.09.09"]

1. e4 c5 2. b3 Nc6 3. Nf3 d6 4. Bb5 Bd7 5. Qe2 e5 6. O-O Nf6 7. d3 Be7 8. Bxc6
Bxc6 9. c4 O-O 10. Bg5 Ne8 11. Bxe7 Qxe7 12. Nc3 f5 13. Nd5 Bxd5 14. cxd5 Nc7
15. Rad1 Rf7 16. Qd2 f4 17. Ne1 Nb5 18. f3 g5 19. Nc2 Rg7 20. a4 Nc7 21. b4 b6
22. bxc5 bxc5 23. Rb1 g4 24. fxg4 Rxg4 25. Rb7 Rg7 26. Ne1 Qg5 27. Qa5 Ne8 28.
Qb5 Qg4 29. Rxg7+ Qxg7 30. Nf3 Qc7 31. Rb1 Qb6 32. a5 Qxb5 33. Rxb5 Rc8 34. Ng5
c4 35. dxc4 Rxc4 36. Rb8 Kf8 37. Ne6+ Ke7 38. Rb7+ Kf6 39. Rxa7 h5 40. a6 Rc1+
41. Kf2 Rc2+ 42. Kf3 Rc3+ 1/2-1/2

[Event "SK Gescher 1 - SK Metelen 1"]
[Site "Verbandsliga 2018/2019"]
[Date "2019.02.16"]
[Round "7.8"]
[White "Frieske, Hilmar"]
[Black "Knocks, Elmar"]
[Result "1-0"]
[WhiteElo "1709"]
[BlackElo "1660"]
[PlyCount "65"]
[EventDate "2019.??.??"]
[SourceDate "2018.09.09"]

1. e4 e5 2. Nf3 Nc6 3. d4 exd4 4. Nxd4 Nf6 5. Nc3 Bb4 6. Nxc6 bxc6 7. Qd4 Qe7
8. f3 h6 9. Bf4 c5 10. Qe3 O-O 11. Bc4 Bb7 12. O-O Nh5 13. Ne2 g5 14. Bg3 d5
15. c3 Ba5 16. Bd3 Nxg3 17. Nxg3 c4 18. Nf5 Qe6 19. Nd4 Bb6 20. Bc2 Rae8 21.
Kh1 Qe5 22. Qd2 dxe4 23. fxe4 Rd8 24. Rf5 Qe7 25. Qe2 Rfe8 26. Qh5 Rd6 27. Raf1
Rf8 28. e5 Rg6 29. Rf6 Qxe5 30. Rxg6+ fxg6 31. Qxg6+ Qg7 32. Qxg7+ Kxg7 33.
Ne6+ 1-0